000 02463nam a22003377a 4500
999 _c21985
_d21985
003 AR-CdUCM
008 190425b ||||| |||| 00| 0 spa d
040 _aMUNICIPALIDAD PROVINCIAL DEL CUSCO
_cBIBLIOTECA MUNICIPAL DEL CUSCO
082 _aAndes/N°2/1995
110 _aUniversidad Nacional de San Antonio Abad del Cusco
_915942
245 _aAndes :
_bRevista de Ciencias Sociales /
_cFacultad de Ciencias Sociales
260 _aCusco.
_bUniversitaria,
_bAmauta,
_c1995.
300 _a286 páginas. :
_bIlustraciones ;
_c21 cm.
440 _aAndes Revista Semestre de la Facultad de Ciencias Sociales semestre 95-I
_nN° 2.1995
_947063
505 _aContenido: El problema de los orígenes en el pensamiento andino prehispánico, la cosmogénesis o el problema del mundo y los seres. Max Aguirre Cárdenas. -- La cosmogénesis o el problema del mundo y los seres, cobo y la representación andina del espacio. Max Aguirre Cárdenas. -- El Perú, por que y para que la filosofía. Francisco Miro Quesada Cantuarias. -- El estudio del comportamiento en la realidad andina. Gustavo Valdivia Rivera. -- Psicología y folklore, psicoanálisis y análisis psicosocial. Gustavo Valdivia Rivera. -- El Kharisiri, un enfoque epidemiológico. Alison Spedding. -- El Kharisiri. Spedding Pallet. -- Eficacia simbólica en la medicina tradicional andina un caso de comunicación y cultura. Efraín Cáceres. -- Preparando un inka. Juan Núñez del Prado. -- Juego y sacralidad. Luis Negrón Alonso. -- Káminakuay willankuy insultos y chistes. Luis Negrón Alonso. -- una estructura funeraria del horizonte medio en batan orq'o Cusco. Julinho Zapata Rodríguez. -- Juan de Salas Valdés, un ilustre asturiano en el Perú del siglo XVI. María del Carmen Martin Rubio. -- Hacia un calendario estelar general andino en el antiguo Perú. Tom Zuidema.
650 _aHistoria del Cusco
_91714
650 _aArqueología del Cusco
_944311
650 _aAntropología del Cusco
_947059
650 _aPsicología
_91538
650 _aFilosofía
_9395
700 _aAguirre Cárdenas, Max
_919737
700 _aQuesada Cantuarias, Francisco Miro
_947064
700 _aValdivia Rivera, Gustavo
_912923
700 _aMiro Quesada Cantuarias, Francisco
_911240
700 _aSpedding, Alison
_947065
700 _aNúñez del Prado, Juan
_947066
700 _aRubio, María del Carmen Martin
_947067
700 _aZuidema, Tom
_947068
942 _2ddc
_cPP
945 _avhl